[Event "AUT-ch"]
[White "Niedersberger, Andreas"]
[Black "Wu, Min"]
[Site "Vienna"]
[Round "3"]
[Result "1/2-1/2"]
[Date "2018.07.23"]
[WhiteElo "2058"]
[BlackElo "1944"]
[PlyCount "130"]
[EventDate "2018.07.22"]
[EventType "swiss"]
[EventRounds "9"]
[EventCountry "AUT"]
[SourceTitle "CBM 185 Extra"]
[Source "ChessBase"]
[SourceDate "2018.07.29"]
[SourceVersion "1"]
[SourceVersionDate "2018.07.29"]
[SourceQuality "1"]

1. e4 e5 2. Nf3 Nc6 3. Bc4 Bc5 4. c3 Nf6 5. d4 exd4 6. e5 d5 7. Bb5 Ne4 8. cxd4 Be7 9. Nc3 f5 10. Qa4 Bd7 11. e6 Bxe6 12. Bxc6+ bxc6 13. Qxc6+ Bd7 14. Qxd5 c6 15. Qc4 Nd6 16. Qd3 0-0 17. 0-0 f4 18. Ne2 g5 19. Ne5 Be8 20. b3 Bf6 21. Bb2 Kh8 22. Rfd1 Nf7 23. Qc4 Qc7 24. Qc5 Bg7 25. Nxf7+ Bxf7 26. Qxg5 Bg6 27. Rac1 Rae8 28. Rd2 Rf5 29. Qg4 Qf7 30. Qf3 Bh5 31. Qd3 Re6 32. f3 Rg5 33. Qc4 Bxf3 34. Nxf4 Bd5 35. Nxd5 cxd5 36. Qd3 Qe8 37. Rf1 Re3 38. Qc2 Re1 39. Rdf2 Rg6 40. Qd2 Rge6 41. Bc3 R1e4 42. Qb2 Bh6 43. Kh1 Re2 44. Qb1 Bg7 45. h3 Rxf2 46. Rxf2 Re4 47. Qf1 Kg8 48. Qd3 Bf8 49. Qg3+ Kh8 50. Qg5 Re1+ 51. Kh2 Bd6+ 52. g3 Re2 53. Qf6+ Kg8 54. Qg5+ Kh8 55. Qf6+ Kg8 56. Qf3 Qe4 57. Kg2 Qe6 58. Qf6 Qd7 59. Qg5+ Kh8 60. Qxd5 Re3 61. Qa8+ Kg7 62. Rf3 Re2+ 63. Rf2 Re3 64. Rf3 Re2+ 65. Rf2 Re3 1/2-1/2